Kings Dominion Roller Coaster Collection - Statistics

General Stats
  • This quiz has been taken 23 times
  • The average score is 16 of 21
Answer Stats
Picture Answer % Correct
Intimidator 305
94%
Dominator
89%
Twisted Timbers
89%
Anaconda
83%
Flight Of Fear
83%
Pantherian
83%
Racer 75
83%
Rapterra
83%
Apple Zapple
78%
Backlot Stunt Coaster
78%
Grizzly
78%
Reptilian
78%
Tumbili
78%
The Great Pumpkin Coaster
72%
Volcano: The Blast Coaster
72%
Avalanche
67%
HyperSonic XLC
67%
Woodstock Express
67%
Hurler
61%
Shockwave
56%
Richochet
22%
No matching quizzes found
Score Distribution
Percent of People with Each Score
Percentile by Number Answered
Your Score History
You have not taken this quiz